Gita kathamrutham: (Record no. 1308319)

MARC details
000 -LEADER
fixed length control field 00749nam a22002297a 4500
005 - DATE AND TIME OF LATEST TRANSACTION
control field 20250401121218.0
008 - FIXED-LENGTH DATA ELEMENTS--GENERAL INFORMATION
fixed length control field 250401b |||||||| |||| 00| 0 eng d
020 ## - INTERNATIONAL STANDARD BOOK NUMBER
International Standard Book Number 978-81-19196-67-8 (hbk)
037 ## - SOURCE OF ACQUISITION
Terms of availability TB
040 ## - CATALOGING SOURCE
Original cataloging agency AL
Transcribing agency AL
041 ## - LANGUAGE CODE
Source of code eng
Language code of text/sound track or separate title eng
084 ## - COLON CLASSIFICATION NUMBER
Classification number R65,6:g R3
Assigning agency AL
100 ## - MAIN ENTRY--PERSONAL NAME
Personal name Mohan, G. Ram
9 (RLIN) 751661
245 ## - TITLE STATEMENT
Title Gita kathamrutham:
Remainder of title nectar of bhagawad gita in stories
260 ## - PUBLICATION, DISTRIBUTION, ETC.
Place of publication, distribution, etc. Delhi, India:
Name of publisher, distributor, etc. Motilal Banarsidass International,
Date of publication, distribution, etc. 2023
300 ## - PHYSICAL DESCRIPTION
Extent xv, 448p.
365 ## - TRADE PRICE
Price amount 795.00
Currency code INR
650 ## - SUBJECT ADDED ENTRY--TOPICAL TERM
Topical term or geographic name entry element Philosophy
650 ## - SUBJECT ADDED ENTRY--TOPICAL TERM
Topical term or geographic name entry element Bhagvad Gita
9 (RLIN) 751662
942 ## - ADDED ENTRY ELEMENTS (KOHA)
Source of classification or shelving scheme Colon Classification (CC)
Koha item type Textbook
Classification part R65,6:g R3
Suppress in OPAC No
Holdings
Withdrawn status Lost status Source of classification or shelving scheme Damaged status Not for loan Home library Current library Date acquired Total Checkouts Date last seen Price effective from Koha item type
    Colon Classification (CC)     Arts Library Arts Library 2025-04-01   2025-04-01 2025-04-01 Textbook
Copyright @ Delhi University Library System